<?xml version="1.0" encoding="UTF-8"?>
<collection xmlns="http://www.loc.gov/MARC21/slim">
 <record>
  <leader>04924nam a22006015i 4500</leader>
  <controlfield tag="001">978-3-642-39878-0</controlfield>
  <controlfield tag="003">DE-He213</controlfield>
  <controlfield tag="005">20210615013447.0</controlfield>
  <controlfield tag="007">cr nn 008mamaa</controlfield>
  <controlfield tag="008">130822s2013    gw |    s    |||| 0|eng d</controlfield>
  <datafield tag="020" ind1=" " ind2=" ">
   <subfield code="a">9783642398780</subfield>
   <subfield code="9">978-3-642-39878-0</subfield>
  </datafield>
  <datafield tag="024" ind1="7" ind2=" ">
   <subfield code="a">10.1007/978-3-642-39878-0</subfield>
   <subfield code="2">doi</subfield>
  </datafield>
  <datafield tag="050" ind1=" " ind2="4">
   <subfield code="a">HF54.5-54.56</subfield>
  </datafield>
  <datafield tag="072" ind1=" " ind2="7">
   <subfield code="a">KJQ</subfield>
   <subfield code="2">bicssc</subfield>
  </datafield>
  <datafield tag="072" ind1=" " ind2="7">
   <subfield code="a">BUS083000</subfield>
   <subfield code="2">bisacsh</subfield>
  </datafield>
  <datafield tag="072" ind1=" " ind2="7">
   <subfield code="a">KJQ</subfield>
   <subfield code="2">thema</subfield>
  </datafield>
  <datafield tag="072" ind1=" " ind2="7">
   <subfield code="a">UF</subfield>
   <subfield code="2">thema</subfield>
  </datafield>
  <datafield tag="082" ind1="0" ind2="4">
   <subfield code="a">650</subfield>
   <subfield code="2">23</subfield>
  </datafield>
  <datafield tag="082" ind1="0" ind2="4">
   <subfield code="a">658.05</subfield>
   <subfield code="2">23</subfield>
  </datafield>
  <datafield tag="245" ind1="1" ind2="0">
   <subfield code="a">E-Commerce, and Web Technologies</subfield>
   <subfield code="h">[electronic resource] :</subfield>
   <subfield code="b">14th International Conference, EC-Web 2013, Prague, Czech Republic, August 27-28, 2013, Proceedings /</subfield>
   <subfield code="c">edited by Christian Huemer, Pasquale Lops.</subfield>
  </datafield>
  <datafield tag="250" ind1=" " ind2=" ">
   <subfield code="a">1st ed. 2013.</subfield>
  </datafield>
  <datafield tag="264" ind1=" " ind2="1">
   <subfield code="a">Berlin, Heidelberg :</subfield>
   <subfield code="b">Springer Berlin Heidelberg :</subfield>
   <subfield code="b">Imprint: Springer,</subfield>
   <subfield code="c">2013.</subfield>
  </datafield>
  <datafield tag="300" ind1=" " ind2=" ">
   <subfield code="a">XIV, 211 p. 71 illus.</subfield>
   <subfield code="b">online resource.</subfield>
  </datafield>
  <datafield tag="336" ind1=" " ind2=" ">
   <subfield code="a">text</subfield>
   <subfield code="b">txt</subfield>
   <subfield code="2">rdacontent</subfield>
  </datafield>
  <datafield tag="337" ind1=" " ind2=" ">
   <subfield code="a">computer</subfield>
   <subfield code="b">c</subfield>
   <subfield code="2">rdamedia</subfield>
  </datafield>
  <datafield tag="338" ind1=" " ind2=" ">
   <subfield code="a">online resource</subfield>
   <subfield code="b">cr</subfield>
   <subfield code="2">rdacarrier</subfield>
  </datafield>
  <datafield tag="347" ind1=" " ind2=" ">
   <subfield code="a">text file</subfield>
   <subfield code="b">PDF</subfield>
   <subfield code="2">rda</subfield>
  </datafield>
  <datafield tag="490" ind1="1" ind2=" ">
   <subfield code="a">Lecture Notes in Business Information Processing,</subfield>
   <subfield code="x">1865-1348 ;</subfield>
   <subfield code="v">152</subfield>
  </datafield>
  <datafield tag="505" ind1="0" ind2=" ">
   <subfield code="a">Session 1: Opening -- BRF: A Framework of Retrieving Brand Names of Products in Auction Sites -- An Adaptive Social Influence Propagation Model Based on Local Network Topology -- Session 2: Semantics and Agents -- A Rule Based Personalized Location Information System for the Semantic Web -- DIESECT: A Distributed Environment for Simulating E-commerce Contracts -- Semi-automated Structural Adaptation of Advanced E-Commerce Ontologies -- Session 3: Business Processes -- SDRule-L: Managing Semantically Rich Business Decision Processes -- A Hybrid Approach for Business Environment-Aware Management of Service-Based Business Processes -- Discovering Workflow-Aware Virtual Knowledge Flows for Knowledge Dissemination -- Session 4: Recommender I -- An Emotion Dimensional Model Based on Social Tags: Crossing Folksonomies and Enhancing Recommendations -- Cold-Start Management with Cross-Domain Collaborative Filtering and Tags -- UtilSim: Iteratively Helping Users Discover Their Preferences -- Session 5: Recommender II -- Contextual eVSM: A Content-Based Context-Aware Recommendation Framework Based on Distributional Semantics -- Context-Aware Movie Recommendations: An Empirical Comparison of Pre-filtering, Post-filtering and Contextual Modeling Approaches -- Matching Ads in a Collaborative Advertising System -- Session 6: Recommender III -- Confidence on Collaborative Filtering and Trust-Based Recommendations -- Smoothly Extending e-Tourism Services with Personalized Recommendations: A Case Study -- Exploiting Big Data for Enhanced Representations in Content-Based Recommender Systems -- Recommendations Based on Different Aspects of Influences in Social Media -- Robustness Analysis of Naive Bayesian Classifier-Based Collaborative Filtering.</subfield>
  </datafield>
  <datafield tag="520" ind1=" " ind2=" ">
   <subfield code="a">This book constitutes the refereed proceedings of the 14th International Conference on Electronic Commerce and Web Technologies (EC-Web) held in Prague, Czech Republic, in August 2013. In 2013, EC-Web focused on recommender systems, semantic e-business, business services and process management, and agent-based e-commerce. The 13 full and 6 short papers accepted for EC-Web, selected from 43 submissions, were carefully reviewed based on their originality, quality, relevance, and presentation.</subfield>
  </datafield>
  <datafield tag="650" ind1=" " ind2="0">
   <subfield code="a">Information technology.</subfield>
  </datafield>
  <datafield tag="650" ind1=" " ind2="0">
   <subfield code="a">Business—Data processing.</subfield>
  </datafield>
  <datafield tag="650" ind1=" " ind2="0">
   <subfield code="a">E-commerce.</subfield>
  </datafield>
  <datafield tag="650" ind1=" " ind2="0">
   <subfield code="a">Application software.</subfield>
  </datafield>
  <datafield tag="650" ind1=" " ind2="0">
   <subfield code="a">Artificial intelligence.</subfield>
  </datafield>
  <datafield tag="650" ind1="1" ind2="4">
   <subfield code="a">IT in Business.</subfield>
   <subfield code="0">https://scigraph.springernature.com/ontologies/product-market-codes/522000</subfield>
  </datafield>
  <datafield tag="650" ind1="2" ind2="4">
   <subfield code="a">e-Commerce/e-business.</subfield>
   <subfield code="0">https://scigraph.springernature.com/ontologies/product-market-codes/I26000</subfield>
  </datafield>
  <datafield tag="650" ind1="2" ind2="4">
   <subfield code="a">Computer Appl. in Administrative Data Processing.</subfield>
   <subfield code="0">https://scigraph.springernature.com/ontologies/product-market-codes/I2301X</subfield>
  </datafield>
  <datafield tag="650" ind1="2" ind2="4">
   <subfield code="a">Artificial Intelligence.</subfield>
   <subfield code="0">https://scigraph.springernature.com/ontologies/product-market-codes/I21000</subfield>
  </datafield>
  <datafield tag="650" ind1="2" ind2="4">
   <subfield code="a">Information Systems Applications (incl. Internet).</subfield>
   <subfield code="0">https://scigraph.springernature.com/ontologies/product-market-codes/I18040</subfield>
  </datafield>
  <datafield tag="700" ind1="1" ind2=" ">
   <subfield code="a">Huemer, Christian.</subfield>
   <subfield code="e">editor.</subfield>
   <subfield code="4">edt</subfield>
   <subfield code="4">http://id.loc.gov/vocabulary/relators/edt</subfield>
  </datafield>
  <datafield tag="700" ind1="1" ind2=" ">
   <subfield code="a">Lops, Pasquale.</subfield>
   <subfield code="e">editor.</subfield>
   <subfield code="4">edt</subfield>
   <subfield code="4">http://id.loc.gov/vocabulary/relators/edt</subfield>
  </datafield>
  <datafield tag="710" ind1="2" ind2=" ">
   <subfield code="a">SpringerLink (Online service)</subfield>
  </datafield>
  <datafield tag="773" ind1="0" ind2=" ">
   <subfield code="t">Springer Nature eBook</subfield>
  </datafield>
  <datafield tag="776" ind1="0" ind2="8">
   <subfield code="i">Printed edition:</subfield>
   <subfield code="z">9783642398773</subfield>
  </datafield>
  <datafield tag="776" ind1="0" ind2="8">
   <subfield code="i">Printed edition:</subfield>
   <subfield code="z">9783642398797</subfield>
  </datafield>
  <datafield tag="830" ind1=" " ind2="0">
   <subfield code="a">Lecture Notes in Business Information Processing,</subfield>
   <subfield code="x">1865-1348 ;</subfield>
   <subfield code="v">152</subfield>
  </datafield>
  <datafield tag="856" ind1="4" ind2="0">
   <subfield code="u">https://doi.org/10.1007/978-3-642-39878-0</subfield>
  </datafield>
  <datafield tag="912" ind1=" " ind2=" ">
   <subfield code="a">ZDB-2-SCS</subfield>
  </datafield>
  <datafield tag="912" ind1=" " ind2=" ">
   <subfield code="a">ZDB-2-SXCS</subfield>
  </datafield>
  <datafield tag="912" ind1=" " ind2=" ">
   <subfield code="a">ZDB-2-LNB</subfield>
  </datafield>
  <datafield tag="950" ind1=" " ind2=" ">
   <subfield code="a">Computer Science (SpringerNature-11645)</subfield>
  </datafield>
  <datafield tag="950" ind1=" " ind2=" ">
   <subfield code="a">Computer Science (R0) (SpringerNature-43710)</subfield>
  </datafield>
 </record>
</collection>
